| 000 | 01134nam a2200373 i 4500 | ||
|---|---|---|---|
| 001 | 55169 | ||
| 003 | KOSZ 005 | ||
| 005 | 20211227143616.0 | ||
| 008 | 060216s2006 pl a f |000 0 pol | ||
| 015 | _aPB 2006/9954 | ||
| 020 | _a8324601597 | ||
| 035 | _a(OCoLC)69293148 | ||
| 040 |
_aWA N _cKOSZ 005/HR _dKOSZ 005/HR |
||
| 046 | _k2006 | ||
| 080 | _a004.42 | ||
| 080 | _a004.92 | ||
| 080 | _a(07) | ||
| 100 | 1 |
_aPikoń, Andrzej _eAutor |
|
| 245 | 1 | 0 |
_aAutoCAD 2006 PL : _bpierwsze kroki / _cAndrzej Pikoń. |
| 260 |
_aGliwice : _bWydawnictwo Helion, _ccop. 2006. |
||
| 300 |
_a262 s. : _bil. ; _c24 cm. |
||
| 380 | _aKsiążki | ||
| 388 | _a2001- | ||
| 650 | 4 | _aProgramy graficzne | |
| 650 | 4 | _aProjektowanie wspomagane komputerowo | |
| 650 | 4 | _aAutoCAD | |
| 655 | 4 | _aRysunek techniczny | |
| 655 | 4 | _aPodręcznik | |
| 658 | _aInformatyka i technologie informacyjne | ||
| 658 | _aInżynieria i technika | ||
| 710 | 2 |
_aHelion _4pbl. |
|
| 856 |
_uhttp://koha.tu.koszalin.pl/cgi-bin/koha/opac-detail.pl?biblionumber=55169 _yKatalog online BPK |
||
| 942 |
_2UKD _cKS |
||
| 999 |
_c55169 _d55169 |
||